LEADER 01124nam--2200373---450- 001 990001103960203316 005 20131001095008.0 010 $a88-464-2854-4 035 $a000110396 035 $aUSA01000110396 035 $a(ALEPH)000110396USA01 035 $a000110396 100 $a20021118d2001----km-y0itay50------ba 101 0 $aita 102 $aIT 105 $ay|||z|||001yy 200 1 $aStoria dell'archivistica italiana$edal mondo antico alla metà del secolo XX$fElio Lodolini 210 $aMilano$cAngeli$d2001 215 $a316 p.$d23 cm 225 2 $aTemi di storia$v23 410 0$12001$aTemi di storia$v23 606 0 $aArchivistica$xStoria$2BNCF 676 $a025.171409 700 1$aLODOLINI,$bElio$0169095 801 0$aIT$bsalbc$gISBD 912 $a990001103960203316 951 $aI.3.B. 28(XIII D 278)$b158312 L.M.$cI.3.$d00074082 959 $aBK 969 $aUMA 979 $aPAOLA$b90$c20021118$lUSA01$h1111 979 $aPATRY$b90$c20040406$lUSA01$h1716 979 $aANNAMARIA$b90$c20131001$lUSA01$h0950 996 $aStoria dell'archivistica italiana$9230790 997 $aUNISA LEADER 01558nam0 22003373i 450 001 VAN0253196 005 20231214031938.117 010 $a978-88-08-22068-4 100 $a20230116d2018 |0itac50 ba 101 $aita 102 $aIT 105 $a|||| ||||| 200 1 $aElementi di chimica fisica$fPeter Atkins, Julio De Paula$ga cura di Renato Lombardo 205 $a4. ed. italiana condotta sulla 7. ed. inglese 210 $aBologna$cZanichelli$d2018 215 $aXII, 612 p.$cill.$d28 cm 620 $dBologna$3VANL000003 676 $a541$cChimica fisica$v22 700 1$aAtkins$bPeter$3VANV014300$062922 701 1$aDe Paula$bJulio$3VANV206497$0299833 702 1$aLombardo$bRenato$3VANV206498 712 $aZanichelli $3VANV110843$4650 801 $aIT$bSOL$c20240621$gRICA 856 4 $u/sebina/repository/catalogazione/documenti/a03.9788808220684.pdf$za03.9788808220684.pdf 856 4 $uhttps://prestitodigitale.zanichelli.it/app/api/resource/choice/464$zPer l'accesso al full-text: accedere al link, inserire le credenziali del Wi-Fi di Ateneo e seguire le istruzioni 899 $aBIBLIOTECA DEL DIPARTIMENTO DI SCIENZE E TECNOLOGIE AMBIENTALI BIOLOGICHE E FARMACEUTICHE$1IT-CE0101$2VAN17 912 $fN 912 $aVAN0253196 950 $aBIBLIOTECA DEL DIPARTIMENTO DI SCIENZE E TECNOLOGIE AMBIENTALI BIOLOGICHE E FARMACEUTICHE$d17CONS e-book Zanichelli 2882 $e17OM 2882/45 45 20230116 $sBuono 996 $aElements of physical chemistry$929312 997 $aUNICAMPANIA